[Event "Paris GCT rapid"]
[Site "Paris"]
[Date "2019.07.27"]
[Round "3"]
[White "Duda, Jan Krzysztof"]
[Black "Grischuk, Alexander"]
[Result "1-0"]
[WhiteElo "2729"]
[BlackElo "2766"]
[PlyCount "55"]
[EventDate "2019.07.26"]
[EventType "tourn (rapid)"]
[EventRounds "9"]
[EventCountry "FRA"]
[EventCategory "21"]
[SourceTitle "CBM 191 Extra"]
[Source "ChessBase"]
[SourceDate "2019.09.30"]
[SourceVersion "1"]
[SourceVersionDate "2019.09.30"]
[SourceQuality "1"]

1. Nf3 {Schulz,Andre} d5 2. c4 d4 ({RR} 2... c6 3. e3 Nf6 4. Nc3 e6 5. d4 Nbd7 6. Bd3 ({RR} 6. Qc2 Bd6 7. g4 h6 8. Bd2) 6... dxc4 7. Bxc4 b5 8. Bd3 a6 9. e4 c5 10. e5 cxd4 11. Nxb5 Ng4 12. Qa4 Bb7 13. Nbxd4 Qb6 14. O-O Bc5 15. h3 Bxf3 16. hxg4 Bd5 17. Nf3) 3. b4 ({RR} 3. g3) 3... f6 ({RR} 3... g6 4. Bb2 Bg7 5. g3 ({RR} 5. e3)) 4. e3 ({RR} 4. Na3 e5 5. Nc2 b5 6. cxb5 a6 7. e4 Be6 8. Bb2 axb5 9. Bxb5+ c6 10. Bd3 c5 11. bxc5 Bxc5 12. Nxe5 fxe5 13. Qh5+ Kf8 14. Qxe5) 4... e5 5. c5 a5 6. Qa4+ ({RR} 6. Bc4 dxe3 7. fxe3 axb4 8. d4 Nc6 9. O-O Na5 10. Nxe5 Nxc4 11. Nxc4 Be6 12. Nbd2 Ne7 13. Bb2 Nd5 14. Qf3 b5 15. cxb6 Nxb6 16. Nxb6 cxb6 17. Qc6+ Bd7 18. Qd5 Be7 19. Nc4 b5 20. Ne5 Rf8) ({RR} 6. Nxe5 fxe5 7. Qh5+ Kd7 8. Qf5+ Ke8 9. Qh5+ Kd7 10. Qf5+ Ke7 11. Qxe5+ Be6 12. Bc4 Qd7 13. b5 c6 14. Na3 Nf6 15. Bb2 Kf7 16. Bxd4 cxb5 17. Bxe6+ Qxe6 18. Qxe6+ Kxe6 19. Nxb5 Na6 20. Bxf6 gxf6) ({RR} 6. Bb5+) 6... Qd7 ({RR} 6... Bd7 7. b5 Bxc5 8. Bc4 Ne7 9. exd4 exd4 10. Ba3 Na6 11. O-O Nb4 12. d3 c6 13. Nbd2 Qb6 14. bxc6 Qxc6 15. Qb3 b5 16. Bf7+ Kf8 17. Rac1 Qb6 18. Ne4 Rc8 19. Rfe1 Bd6 20. Rxc8+ Bxc8 21. g3) 7. Bb5 c6 8. Bc4 Na6 ({RR} 8... dxe3 9. fxe3 Qg4 10. b5 Qxg2 11. Rf1 Bd7) 9. exd4 e4 10. b5 Nb4 ({RR} 10... cxb5 11. Bxb5) 11. a3 ({RR} 11. bxc6 bxc6 12. a3 exf3 13. axb4 fxg2 ({RR} 13... Qxd4 14. Qxc6+) 14. Rg1 Ne7 15. b5) 11... exf3 ({RR} 11... Nd5 12. bxc6 bxc6 13. Nh4) 12. axb4 Qxd4 ({RR} 12... fxg2 13. Rg1 Ne7 14. bxa5 Nf5 15. Bb2 Nh4 16. Ra3) 13. d3 Qe5+ 14. Be3 fxg2 15. Rg1 Ne7 $146 ({RR} 15... Qxh2 16. bxc6 Qxg1+ ({RR} 16... b5 17. cxb6 Bxb4+ 18. Ke2 ({RR} 18. Nc3 Bxc3+ 19. Ke2 Ne7 20. b7 Rb8 21. Rxg2 Qh5+ ({RR} 21... Qxg2 22. c7+) 22. f3 Kf8 23. Rb1 ({RR} 23. Rc1 Bb4 24. bxc8=Q+ Rxc8) 23... Qe8 24. bxc8=Q Rxc8 25. Rb7) 18... Qxg1 19. Nd2 Bg4+ 20. f3 Qh2 21. Rg1 Bh3 22. b7) 17. Kd2 b5 ({RR} 17... Kd8 18. Nc3 Qxa1 ({RR} 18... Qh2 19. Nd5 g1=Q 20. Rxg1 Qxg1 21. c7#) 19. c7+ Kxc7 20. Qxa1) 18. cxb6 Bxb4+ 19. Nc3 Qh2 20. b7 Rb8 21. c7+ Kf8 22. cxb8=Q Qxb8 23. bxc8=Q+ Qxc8 24. Rg1 h5 25. Rxg2 h4 26. Qb5 Ne7 27. Kc2 h3 28. Rh2 Qc7 ({RR} 28... Bd6 29. f4) 29. Nd5 Nxd5 ({RR} 29... Qxh2 30. Nxe7 Kxe7 31. Qb7+ Kd6 32. Bb6) 30. Qxd5 {Hillarp Persson,T (2547)-Hector,J (2503) Denmark 2014 EXT 2015 [Schulz,Andre] 1-0 (33)} {RR} Qxh2 31. Qf7#) 16. Nd2 Bd7 17. bxa5 Nd5 18. d4 Qxh2 19. Nf3 Qh5 20. a6 Be7 21. axb7 Rxa4 22. Rxa4 O-O 23. Ra8 Re8 24. Kd2 Kf8 25. Rxe8+ Qxe8 26. Bxd5 Bd8 27. Bf4 Ba5+ 28. Kd1 1-0

[Event "Abu Dhabi op 26th"]
[Site "Abu Dhabi"]
[Date "2019.08.03"]
[Round "3"]
[White "Aleksandrov, Aleksej"]
[Black "Socko, Bartosz"]
[Result "1-0"]
[WhiteElo "2571"]
[BlackElo "2625"]
[PlyCount "81"]
[EventDate "2019.08.02"]
[EventType "swiss"]
[EventRounds "9"]
[EventCountry "UAE"]
[SourceTitle "CBM 191 Extra"]
[Source "ChessBase"]
[SourceDate "2019.09.30"]
[SourceVersion "1"]
[SourceVersionDate "2019.09.30"]
[SourceQuality "1"]

1. Nf3 Nf6 2. e3 g6 3. b4 Bg7 4. Bb2 O-O 5. Be2 d6 6. O-O e5 7. d3 ({RR} 7. d4 exd4 8. Qxd4 Nh5 9. Qd2 Bxb2 10. Nc3 Bxa1 11. Rxa1 Nf6 12. h3 Nc6 13. b5 Ne5 14. Nd4 c5 15. bxc6 Nxc6 16. Ndb5 d5 17. Bf3 a6 18. Nd4 Nxd4 19. Qxd4 Be6 20. Rd1 Rc8 21. Ne2 Rc4 {Scheglov,G (2318)-Levitan,C (2327) chess.com INT 2025 0-1 (35)}) 7... b6 8. c4 Bb7 9. Nc3 Nbd7 $146 ({RR} 9... Nc6 10. Qb3 h6 11. Nd2 Ne7 12. Bf3 Bxf3 13. Nxf3 g5 14. d4 Ng6 15. dxe5 dxe5 16. Rfd1 Qe7 17. Nd5 Nxd5 18. cxd5 g4 19. Nd2 Kh7 20. Ne4 f5 21. d6 cxd6 22. Nxd6 Rad8 23. Nb5 Nh4 24. Qc4 {Gaprindashvili,V (2368)-Asgarov,M (2173) Baku 2019 0-1 (33)}) 10. Nd2 c6 11. Bf3 d5 12. Qb3 dxc4 13. Nxc4 Qb8 14. a4 Rd8 15. Ne4 Nxe4 16. Bxe4 Kh8 17. f4 f5 18. fxe5 Nxe5 19. Nxe5 Bxe5 20. Bxf5 c5 21. Be6 Qd6 22. bxc5 bxc5 23. Qxb7 Qxe6 24. Qe4 Rd5 25. Rf6 Qxf6 26. Qxd5 Re8 27. Rf1 Bxh2+ 28. Kxh2 Qxb2 29. Qxc5 Qg7 30. e4 Kg8 31. Qd5+ Kh8 32. Qc5 Kg8 33. Qd5+ Kh8 34. Kg1 Qc7 35. Qf7 Qb6+ 36. Kh1 Rd8 37. e5 Qd4 38. Qf6+ Kg8 39. Qf7+ Kh8 40. Qe7 Kg8 41. Rf7 1-0

[Event "Abu Dhabi op 26th"]
[Site "Abu Dhabi"]
[Date "2019.08.10"]
[Round "9"]
[White "Tabatabaei, Mohammad Amin"]
[Black "Sanal, Vahap"]
[Result "1-0"]
[WhiteElo "2601"]
[BlackElo "2535"]
[PlyCount "79"]
[EventDate "2019.08.02"]
[EventType "swiss"]
[EventRounds "9"]
[EventCountry "UAE"]
[SourceTitle "CBM 191 Extra"]
[Source "ChessBase"]
[SourceDate "2019.09.30"]
[SourceVersion "1"]
[SourceVersionDate "2019.09.30"]
[SourceQuality "1"]

1. Nf3 Nf6 2. g3 d5 3. Bg2 e6 4. O-O Be7 5. d3 O-O 6. Nbd2 Nc6 7. e4 dxe4 8. dxe4 e5 9. c3 Be6 10. Qe2 Nd7 11. Nc4 a5 12. Rd1 f6 13. Nh4 g6 $146 ({RR} 13... Qe8 14. Ne3 Kh8 15. Nd5 Bd8 16. Bf3 Ne7 17. Bg4 Bxg4 18. Qxg4 Nxd5 19. Rxd5 Nb6 20. Rd3 Be7 21. Be3 Qb5 22. Rad1 Rae8 23. Bxb6 Qxb6 24. Rd7 g6 25. Kg2 f5 26. exf5 Qc6+ 27. f3 g5 28. Rxe7 {Agopov,M-Eskelinen,A Kuopio 1995 1-0 (49)}) 14. Ne3 Bc5 15. Nd5 Ne7 16. Bh6 Rf7 17. Rd2 c6 18. Rad1 Kh8 19. Nxe7 Qxe7 20. Kh1 Qe8 21. f4 Bf8 22. Bxf8 Nxf8 23. b3 Rd7 24. f5 Bf7 25. Rxd7 Nxd7 26. Qd2 Nf8 27. Qd6 Kg7 28. g4 g5 29. Nf3 a4 30. c4 axb3 31. axb3 Ra2 32. h4 h6 33. Qc7 Qa8 34. hxg5 hxg5 35. Nxg5 fxg5 36. Qxe5+ Kg8 37. Qf6 Qa7 38. Qxg5+ Kh7 39. Rd6 Kh8 40. f6 1-0

[Event "Amsterdam Levitov blitz"]
[Site "Amsterdam"]
[Date "2019.08.03"]
[Round "5"]
[White "Grischuk, Alexander"]
[Black "Giri, Anish"]
[Result "1-0"]
[WhiteElo "2759"]
[BlackElo "2779"]
[PlyCount "65"]
[EventDate "2019.08.03"]
[EventType "tourn (blitz)"]
[EventRounds "7"]
[EventCountry "NED"]
[EventCategory "20"]
[SourceTitle "CBM 191 Extra"]
[Source "ChessBase"]
[SourceDate "2019.09.30"]
[SourceVersion "1"]
[SourceVersionDate "2019.09.30"]
[SourceQuality "1"]

1. Nf3 d5 2. d3 g6 3. Nbd2 Bg7 4. e4 dxe4 5. dxe4 Nf6 6. Bc4 O-O 7. O-O Nc6 8. c3 Nd7 $146 ({RR} 8... Na5 9. Be2 c5 10. Qc2 Qc7 11. Nc4 h6 12. a4 Be6 13. Nxa5 Qxa5 14. Nd2 Qc7 15. Nc4 Qc6 16. f3 Rad8 17. Be3 Ne8 18. Bf4 Nd6 19. Ne3 f5 20. Bxd6 Qxd6 21. Bc4 Bxc4 22. Nxc4 Qe6 23. Qe2 {Marangunic,S (2460)-Keglevic,P (2260) Zagreb 1998 1-0 (60)}) 9. Qc2 Nb6 10. Be2 a5 11. a4 e5 12. Rd1 Be6 13. Nc4 Qe7 14. Nxb6 cxb6 15. Be3 Qc7 16. Ng5 Nd8 17. Nxe6 Nxe6 18. Qb3 Nc5 19. Qb5 Rfd8 20. Bc4 h5 21. Bd5 Rd6 22. Qc4 Rad8 23. Rdb1 Na6 24. b4 axb4 25. cxb4 Qxc4 26. Bxc4 Nb8 27. b5 Nd7 28. Bd5 Rb8 29. a5 bxa5 30. Ba7 Ra8 31. b6 Nc5 32. Rxa5 Rc8 33. Rc1 1-0

[Event "Amsterdam Levitov rapid"]
[Site "Amsterdam"]
[Date "2019.08.04"]
[Round "1"]
[White "Kramnik, Vladimir"]
[Black "Bareev, Evgeny"]
[Result "1-0"]
[WhiteElo "2753"]
[BlackElo "2643"]
[PlyCount "101"]
[EventDate "2019.08.04"]
[EventType "tourn (rapid)"]
[EventRounds "7"]
[EventCountry "NED"]
[EventCategory "20"]
[SourceTitle "CBM 191 Extra"]
[Source "ChessBase"]
[SourceDate "2019.09.30"]
[SourceVersion "1"]
[SourceVersionDate "2019.09.30"]
[SourceQuality "1"]

1. Nf3 d5 2. g3 Nf6 3. Bg2 Bf5 4. d3 e6 5. O-O Be7 6. c4 Nbd7 ({RR} 6... Na6 7. cxd5 exd5 8. b3 O-O 9. Bb2 Nc5 10. Nbd2 Re8 11. Rc1 Ne6 12. Nh4 Bg4 13. h3 Bh5 14. Ndf3 c6 15. g4 Bg6 16. Nxg6 hxg6 17. e3 Qb6 18. Qc2 Nh7 19. h4 Bf6 20. g5 Bxb2 21. Qxb2 {Roiz,M (2600)-Savchenko,B (2567) Berlin 2015 1-0}) 7. Nh4 ({RR} 7. cxd5 exd5 8. Nc3 c6 9. Qc2 O-O 10. Nh4 Be6 11. d4 Re8 12. h3 Ne4 13. Nf3 Bf5 14. Qb3 Qb6 15. Bf4 h6 16. Rfc1 g5 17. Be3 Bf8 18. g4 Bg6 19. h4 Nef6 20. hxg5 Nxg4 21. Bf4 hxg5 {Pham Tran Gia Phuc (2444)-Motylev,A (2590) Teplice CZE 2024 ½-½ (31)}) 7... Bg6 $146 ({RR} 7... Bg4 8. h3 Bh5 9. cxd5 Nxd5 10. Nf3 O-O 11. Nbd2 c6 12. Qc2 h6 13. a3 Qc7 14. b4 a5 15. e4 N5b6 16. b5 Rfc8 17. Rb1 cxb5 18. Qxc7 Rxc7 19. Rxb5 Rc5 20. Rb1 Rc3 21. Bb2 Rxd3 22. g4 {Buscara,S (2404)-Benaddi,M (2111) Chefchaouen 2019 ½-½ (43)}) ({RR} 7... Bg4 8. h3 Bh5 9. Nc3 c6 10. Be3 dxc4 11. dxc4 Qc7 12. a3 a5 13. Na4 O-O 14. Qc2 Ne8 15. Rfd1 Rd8 16. Nf3 Bg6 17. Qb3 b5 18. cxb5 cxb5 19. Nc3 b4 20. axb4 axb4 21. Nb5 Bc2 22. Qa2 {Bosboom,M (2344)-Barski,R (2440) Lagos POR 2023 1-0 (53)}) 8. cxd5 Nxd5 9. Nxg6 hxg6 10. e4 N5b6 11. d4 O-O 12. Nc3 c6 13. e5 Nd5 14. h4 Qa5 15. Qf3 Rfd8 16. Rd1 Nxc3 17. bxc3 Nb6 18. Rd3 Rd7 19. h5 gxh5 20. Qxh5 g6 21. Qg4 Kg7 22. Be4 Rh8 23. Rf3 Bd8 24. Kg2 Nd5 25. c4 Ne7 26. Bg5 Ng8 27. d5 Bxg5 28. Qxg5 cxd5 29. cxd5 Qd8 30. Rxf7+ Kxf7 31. dxe6+ Kxe6 32. Qxg6+ Kxe5 33. Qf5+ Kd6 34. Rd1+ Ke7 35. Qe5+ Kf8 36. Rxd7 Qxd7 37. Qxh8 Qe6 38. Bxb7 Qxa2 39. Qe5 Ne7 40. Qf6+ Ke8 41. Qa6 Qxa6 42. Bxa6 Nd5 43. Kf3 Nb4 44. Bb5+ Ke7 45. Ke4 a5 46. f4 Kd6 47. g4 Nd5 48. Bc4 Nb6 49. Ba2 a4 50. g5 a3 51. g6 1-0

[Event "Amsterdam Levitov rapid"]
[Site "Amsterdam"]
[Date "2019.08.06"]
[Round "6"]
[White "Grischuk, Alexander"]
[Black "Anand, Viswanathan"]
[Result "1-0"]
[WhiteElo "2759"]
[BlackElo "2756"]
[PlyCount "107"]
[EventDate "2019.08.04"]
[EventType "tourn (rapid)"]
[EventRounds "7"]
[EventCountry "NED"]
[EventCategory "20"]
[SourceTitle "CBM 191 Extra"]
[Source "ChessBase"]
[SourceDate "2019.09.30"]
[SourceVersion "1"]
[SourceVersionDate "2019.09.30"]
[SourceQuality "1"]

1. Nf3 d5 2. d3 Nc6 3. Bf4 e6 $146 ({RR} 3... Bg4 4. Nc3 a6 5. e4 d4 6. Nd5 e5 7. Bg3 Nf6 8. Bh4 Nxd5 9. Bxd8 Bb4+ 10. c3 dxc3 11. exd5 cxb2+ 12. Nd2 Bxd1 13. Rxd1 Nxd8 14. Rb1 Bc3 15. Kd1 f5 16. Kc2 Bxd2 17. Kxd2 Nf7 18. g3 {Haque,R (2188)-Ahmed,M (2222) Dhaka 2005 0-1 (50)}) ({RR} 3... g6 4. e3 Bg7 5. d4 Nf6 6. h3 Nd7 7. c4 e5 8. dxe5 dxc4 9. e6 fxe6 10. Bxc4 Bxb2 11. Nbd2 Bxa1 12. Qxa1 Qf6 13. Qc1 Nb6 14. Bb5 Bd7 15. Bxc6 Bxc6 16. Be5 Qf8 17. Bxh8 Qxh8 18. O-O {Grischuk,A (2759)-Artemiev,V (2746) Chess.com INT 2019 0-1 (52)}) ({RR} 3... Bg4 4. Nbd2 e6 5. Bg3 Nf6 6. e4 dxe4 7. dxe4 Nh5 8. Bb5 Nxg3 9. hxg3 Bc5 10. c3 O-O 11. Bxc6 bxc6 12. Qc2 Qf6 13. e5 Qg6 14. Qxg6 hxg6 15. Rh4 Bxf3 16. Nxf3 Be7 17. Rc4 c5 18. Rd1 {Gordievsky,D (2579)-Anton Guijarro,D (2674) chess24.com INT 2020 1-0 (59)}) ({RR} 3... Bg4 4. c3 f6 5. Nbd2 e5 6. Bg3 Nh6 7. h3 Be6 8. e4 Be7 9. Be2 O-O 10. O-O a5 11. a3 Bc5 12. b4 Bb6 13. b5 Ne7 14. c4 dxe4 15. dxe4 Ng6 16. Qc2 Qe7 17. Nb3 Bc5 18. a4 {Benvenuti,C (2174)-Goeke,B (2044) Dos Hermanas 2004 1-0 (70)}) 4. e3 Bd6 5. d4 Bxf4 6. exf4 Qd6 7. Qd2 Nf6 8. c3 Ne4 9. Qe3 Ne7 10. Bd3 Nf5 11. Qc1 c5 12. dxc5 Nxc5 13. Bxf5 exf5 14. O-O O-O 15. Rd1 Ne6 16. g3 Bd7 17. Na3 Rac8 18. Nc2 Ba4 19. Rd2 g6 20. Ne3 Bc6 21. Qc2 Rfd8 22. Rad1 Nc5 23. c4 Ne4 24. Rd4 Qf6 25. Nxd5 Bxd5 26. Rxd5 Rxd5 27. Rxd5 Qc6 28. Rd3 b5 29. Ne5 Qe6 30. Qd1 bxc4 31. Rd8+ Rxd8 32. Qxd8+ Kg7 33. Qd4 Qd6 34. Qxc4 f6 35. Nd3 Nd2 36. Qb5 Nf3+ 37. Kg2 Qxd3 38. Qb7+ Kh6 39. Qxf3 Qc2 40. Qb7 a5 41. h3 a4 42. Qb4 Qc6+ 43. Kg1 Qc1+ 44. Kg2 Qc6+ 45. Kg1 Qc1+ 46. Kh2 Qc2 47. Qd4 Kg7 48. Qa7+ Kh6 49. Qd4 Kg7 50. Qb6 h5 51. h4 Qd2 52. Qb7+ Kh6 53. Kg2 Qc2 54. b3 1-0

[Event "Titled Tuesday intern op 6th Aug"]
[Site "Chess.com INT"]
[Date "2019.08.06"]
[Round "6"]
[White "Dziuba, Marcin"]
[Black "Van Foreest, Jorden"]
[Result "1-0"]
[WhiteElo "2568"]
[BlackElo "2626"]
[PlyCount "133"]
[EventDate "2019.08.06"]
[EventType "swiss (blitz)"]
[EventRounds "10"]
[EventCountry "USA"]
[SourceTitle "EXT 2021"]
[Source "ChessBase"]
[SourceDate "2020.10.23"]
[SourceVersion "1"]
[SourceVersionDate "2020.10.23"]
[SourceQuality "1"]

1. Nf3 d5 2. g3 g6 3. Bg2 Bg7 4. O-O e5 5. d3 Ne7 6. e4 O-O 7. Bg5 ({RR} 7. a4 a5 8. Na3 Nbc6 9. c3 h6 10. Nb5 Be6 11. Re1 Qd7 12. d4 dxe4 13. Nxe5 Nxe5 14. dxe5 Qxd1 15. Rxd1 Rad8 16. Be3 c6 17. Nd6 Bxe5 18. Nxb7 Rxd1+ 19. Rxd1 Rb8 20. Rd8+ Rxd8 21. Nxd8 Bb3 {Artemiev,V (2704)-Nepomniachtchi,I (2792) Moscow 2021 ½-½ (41)}) 7... d4 $146 ({RR} 7... Be6 8. exd5 Bxd5 9. Nc3 Bc6 10. Qd2 Nd7 11. Rfe1 f6 12. Bh6 Nb6 13. Bxg7 Kxg7 14. Rad1 Nf5 15. Ne4 Bxe4 16. Rxe4 c5 17. Bh3 Nd4 18. Nxd4 cxd4 19. Rde1 Nd5 20. Bg2 Qd6 21. c4 dxc3 22. bxc3 {Fekete,A (2265)-Csonka,A (2020) Zalakaros 1995 1-0 (40)}) ({RR} 7... f6 8. Bd2 c5 9. exd5 Nxd5 10. Nc3 Be6 11. a3 Nc6 12. b4 c4 13. Re1 cxd3 14. cxd3 Nxc3 15. Bxc3 Bd5 16. b5 Ne7 17. Rc1 Qd7 18. Bb4 Rf7 19. a4 Rd8 20. h4 Nf5 21. Bh1 Nxg3 22. fxg3 {Nouro,M (2326)-Meshkovs,N (2540) Finland FIN 2024 0-1 (31)}) ({RR} 7... Be6 8. Nc3 d4 9. Nd5 f6 10. Nxe7+ Qxe7 11. Bd2 c5 12. Nh4 Nc6 13. f4 exf4 14. gxf4 f5 15. Qe1 Bf6 16. Nf3 fxe4 17. dxe4 Bc4 18. Rf2 Rfe8 19. b3 Bf7 20. Re2 d3 21. cxd3 Bxa1 22. Qxa1 {Schweier,L (1980)-Reisch,S (1970) Bayern 1996 1-0 (50)}) 8. a4 h6 9. Bd2 c5 10. Na3 Nbc6 11. Nc4 Be6 12. Nh4 Kh7 13. Qe2 g5 14. Nf3 Ng6 15. Kh1 Qe7 16. Ng1 Rae8 17. Bf3 f5 18. exf5 Bxf5 19. Rae1 Qd7 20. Be4 Kh8 21. Qh5 Kg8 22. b3 Nce7 23. Qe2 Nd5 24. Kg2 Bg4 25. f3 Bf5 26. Bxf5 Rxf5 27. Qe4 Nf6 28. Qe2 Qc6 29. h3 h5 30. Kh2 Qc7 31. Kh1 Qc6 32. Kh2 Qc7 33. Kh1 e4 34. fxe4 Rxf1 35. Rxf1 Qxg3 36. Qg2 Qxg2+ 37. Kxg2 g4 38. Bg5 Nd7 39. hxg4 hxg4 40. Ne2 Nde5 41. Nxe5 Bxe5 42. Ng3 Rf8 43. Rxf8+ Kxf8 44. Nf5 Kf7 45. Nh6+ Ke6 46. Nxg4 a6 47. Kf3 b5 48. axb5 axb5 49. Nh6 Bh8 50. Bf4 Be5 51. Bxe5 Nxe5+ 52. Kf4 c4 53. bxc4 bxc4 54. dxc4 Ng6+ 55. Kf3 Ne5+ 56. Ke2 Kd6 57. Nf5+ Kc5 58. Kd2 Nxc4+ 59. Kd3 Ne5+ 60. Kd2 Nc4+ 61. Ke2 Na3 62. Kd3 Nb5 63. e5 Kd5 64. e6 Nc7 65. Nxd4 Ke5 66. Kc4 Kd6 67. Nb5+ 1-0

[Event "Titled Tuesday intern op 6th Aug"]
[Site "Chess.com INT"]
[Date "2019.08.06"]
[Round "9"]
[White "Martirosyan, Haik M"]
[Black "Georgiadis, Nico"]
[Result "1-0"]
[WhiteElo "2619"]
[BlackElo "2522"]
[PlyCount "143"]
[EventDate "2019.08.06"]
[EventType "swiss (blitz)"]
[EventRounds "10"]
[EventCountry "USA"]
[SourceTitle "EXT 2021"]
[Source "ChessBase"]
[SourceDate "2020.10.23"]
[SourceVersion "1"]
[SourceVersionDate "2020.10.23"]
[SourceQuality "1"]

1. Nf3 f5 2. d3 Nc6 3. d4 e6 4. c3 ({RR} 4. g3 Nf6 5. Bg2 g6 6. O-O Bg7 7. c4 O-O 8. Nc3 d6 9. d5 Ne7 10. dxe6 Bxe6 11. b3 h6 12. Bb2 Bf7 13. Qc2 Nc6 14. Rad1 Qe7 15. e3 Rae8 16. a3 Ne4 17. Nd5 Bxd5 18. cxd5 Nd8 {Carlsen,M (2859)-Vachier Lagrave,M (2736) chess.com INT 2022 0-1 (64)}) ({RR} 4. c4 Nf6 5. g3 d5 6. Nbd2 Be7 7. Bg2 Ne4 8. O-O Bf6 9. e3 h5 10. b3 h4 11. Bb2 hxg3 12. hxg3 Qd7 13. Ne5 Bxe5 14. dxe5 Qf7 15. cxd5 exd5 16. Nf3 Be6 17. Rc1 Qh5 18. Re1 g5 {Mekhitarian,K (2564)-Williams,S (2446) chess.com INT 2025 ½-½ (72)}) 4... Nf6 5. Bg5 Be7 6. Nbd2 d5 $146 ({RR} 6... O-O 7. Qc2 d6 8. e3 Bd7 9. h3 e5 10. dxe5 dxe5 11. g4 h6 12. Bxf6 Rxf6 13. gxf5 Bxf5 14. Ne4 Kh8 15. Bd3 Bh7 16. Nfd2 Rf8 17. O-O-O Qd5 18. Bc4 Qd7 19. Nf1 Qe8 20. h4 Rd8 21. Nfg3 {Krasenkow,M (2633)-Semcesen,D (2488) Stockholm 2014 1-0 (65)}) 7. e3 O-O 8. Bb5 Bd7 9. Bxc6 Bxc6 10. O-O Bb5 11. Re1 a5 12. Ne5 a4 13. Rc1 c5 14. Ndf3 Ne4 15. Bxe7 Qxe7 16. dxc5 Qxc5 17. Nd4 Qd6 18. Nxb5 Qxe5 19. Qd4 Qxd4 20. exd4 Ra6 21. f3 Nf6 22. Nc7 Rb6 23. Rc2 a3 24. bxa3 Rc6 25. Nxe6 Re8 26. Rce2 Rxc3 27. a4 Ra3 28. h3 Rxa4 29. g4 fxg4 30. hxg4 h6 31. Kf2 Kf7 32. Re5 Rxa2+ 33. Kg3 Ra3 34. Kg2 Ra2+ 35. Kg3 Ra3 36. Kg2 Rc8 37. Nc5 b6 38. Re7+ Kf8 39. Nd7+ Nxd7 40. Rxd7 Rc2+ 41. Kg3 Rcc3 42. Rf1 Ra5 43. Re1 Raa3 44. Rf1 Ra5 45. Rb7 Ra4 46. Re1 Raa3 47. Rf1 Rab3 48. Kf4 Kg8 49. Ke5 Rxf3 50. Rxf3 Rxf3 51. Kxd5 Rf4 52. Ke5 Rxg4 53. d5 Rg1 54. d6 Rd1 55. d7 Kh7 56. Ke6 h5 57. Rxb6 Re1+ 58. Kf7 Rd1 59. Ke7 Rxd7+ 60. Kxd7 h4 61. Ke6 Kg6 62. Rb1 Kg5 63. Ke5 Kg4 64. Ke4 Kg3 65. Ke3 Kg2 66. Rb5 h3 67. Rg5+ Kf1 68. Rf5+ Kg2 69. Rf2+ Kg1 70. Ra2 h2 71. Kf3 h1=Q+ 72. Kg3 1-0

[Event "Hyderabad op 3rd"]
[Site "Hyderabad"]
[Date "2019.08.23"]
[Round "6"]
[White "Tukhaev, Adam"]
[Black "Triapishko, Alexandr"]
[Result "1-0"]
[WhiteElo "2541"]
[BlackElo "2519"]
[PlyCount "187"]
[EventDate "2019.08.20"]
[EventType "swiss"]
[EventRounds "10"]
[EventCountry "IND"]
[SourceTitle "EXT 2020"]
[Source "ChessBase"]
[SourceDate "2019.10.17"]
[SourceVersion "1"]
[SourceVersionDate "2019.10.17"]
[SourceQuality "1"]

1. Nf3 d5 2. g3 Bg4 3. Bg2 Nd7 4. c4 e6 5. Qb3 Nc5 6. Qe3 c6 7. d4 Nd7 8. h3 Bh5 9. cxd5 cxd5 10. Qb3 Qb6 11. Nc3 Ngf6 12. O-O Be7 13. Ne5 Qxb3 14. axb3 Nxe5 15. dxe5 Nd7 16. f4 h6 $146 ({RR} 16... Nc5 17. g4 Nxb3 18. Rb1 Bg6 19. f5 exf5 20. gxf5 Bc5+ 21. Kh1 Bh5 22. Bxd5 Nxc1 23. Rbxc1 O-O 24. Ne4 Be3 25. Rc2 Rae8 26. Ng3 Rxe5 27. Bxb7 g6 28. Ba6 Kg7 29. Bd3 Rc5 30. Rxc5 Bxc5 31. Bc4 {Riazantsev,A (2631)-Makhmutov,R (2450) Sochi 2021 ½-½ (111)}) 17. e4 Bc5+ 18. Kh2 d4 19. Nb5 Be2 20. Nc7+ Ke7 21. Nxa8 Bxf1 22. Bxf1 Rxa8 23. Bd2 Rc8 24. b4 Bb6 25. Bd3 a6 26. Kg2 Bd8 27. Kf3 Ke8 28. Ke2 g6 29. Be1 h5 30. Bd2 Kf8 31. b5 a5 32. Bxa5 Bxa5 33. Rxa5 b6 34. Ra4 Ke7 35. Rxd4 Rc1 36. h4 Rg1 37. Kf2 Rd1 38. b4 Rd2+ 39. Kf3 Rb2 40. Be2 Rb3+ 41. Kf2 Rb2 42. Ke1 Rb3 43. Kf2 Rb2 44. Ke3 Rb3+ 45. Bd3 Rb2 46. Rc4 Rg2 47. Kf3 Rd2 48. Bc2 Rh2 49. Bd3 Rd2 50. Bf1 Rd1 51. Be2 Rb1 52. g4 Rb3+ 53. Kf2 hxg4 54. Bxg4 Rb2+ 55. Be2 Ke8 56. Rd4 Ke7 57. Kf3 Rb1 58. Bd1 Rb2 59. Kg3 Rb1 60. h5 gxh5 61. Bxh5 Rb3+ 62. Kh4 Rb1 63. Bxf7 Nxe5 64. Bh5 Rh1+ 65. Kg5 Rg1+ 66. Kh6 Ng4+ 67. Bxg4 Rxg4 68. e5 Rg1 69. Rc4 Kd7 70. Rc6 Rg4 71. Rxb6 Rxf4 72. Rb7+ Kd8 73. b6 Re4 74. Rb8+ Kd7 75. b7 Kc7 76. Re8 Kxb7 77. Rxe6 Rxb4 78. Kg6 Kc7 79. Rd6 Rg4+ 80. Kf5 Rg8 81. Rd1 Rh8 82. e6 Rh5+ 83. Kg6 Re5 84. Kf6 Re2 85. e7 Rf2+ 86. Ke6 Re2+ 87. Kf7 Rf2+ 88. Ke8 Rf3 89. Rc1+ Kb6 90. Rc4 Kb7 91. Kd7 Rd3+ 92. Ke6 Re3+ 93. Kd6 Re1 94. Rc5 1-0

[Event "Barcelona Sants op 21st"]
[Site "Barcelona"]
[Date "2019.08.28"]
[Round "6"]
[White "Henriquez Villagra, Cristobal"]
[Black "Krysa, Leandro Sergio"]
[Result "1-0"]
[WhiteElo "2562"]
[BlackElo "2516"]
[PlyCount "71"]
[EventDate "2019.08.23"]
[EventType "swiss"]
[EventRounds "10"]
[EventCountry "ESP"]
[SourceTitle "EXT 2020"]
[Source "ChessBase"]
[SourceDate "2019.10.17"]
[SourceVersion "1"]
[SourceVersionDate "2019.10.17"]
[SourceQuality "1"]

1. Nf3 d5 2. b3 Bf5 3. Bb2 e6 4. g3 h6 5. Bg2 Nf6 6. O-O Be7 7. d3 O-O 8. Nbd2 c6 9. Ne5 Nbd7 10. e4 Bh7 11. Nxd7 Nxd7 12. Qe2 a5 13. a4 ({RR} 13. a3 a4 14. b4 Bf6 15. e5 Be7 16. f4 c5 17. bxc5 Bxc5+ 18. Kh1 Qb6 19. Rab1 Qc6 20. g4 Be7 21. f5 Rfe8 22. f6 Bf8 23. g5 hxg5 24. Nf3 gxf6 25. exf6 Bg6 26. Ne5 Nxe5 27. Bxe5 Rac8 {Maltsevskaya,A (2378)-Finek,V (2416) chess.com INT 2024 1-0 (36)}) 13... Re8 14. h3 $146 ({RR} 14. Kh1 Qb8 15. f4 b5 16. Rab1 Bf8 17. Nf3 bxa4 18. bxa4 Qc7 19. Ne5 Nxe5 20. Bxe5 Bd6 21. Bc3 Bb4 22. Ba1 Rab8 23. Qf2 dxe4 24. dxe4 Red8 25. Be5 Bd6 26. Bd4 Rxb1 27. Rxb1 Rb8 28. Bb6 Qc8 {Minasian,A (2505)-Matevosyan,S (2192) Jermuk 2013 1-0 (47)}) ({RR} 14. Kh1 Bf8 15. f4 Nc5 16. Qf2 Qd7 17. Rad1 b5 18. Bd4 Na6 19. axb5 cxb5 20. exd5 exd5 21. Nf3 f6 22. Rfe1 Nb4 23. Rxe8 Rxe8 24. Re1 Rxe1+ 25. Nxe1 Bf5 26. Qd2 a4 27. bxa4 bxa4 28. c3 Na6 {Ackermann,H (2275)-Falk,T (2121) Germany 2018 0-1 (38)}) 14... Qb6 15. Kh2 Rad8 16. f4 Qa6 17. Rae1 dxe4 18. Bxe4 Bf6 19. Bxh7+ Kxh7 20. Be5 Kg8 21. Ne4 Bxe5 22. fxe5 Rf8 23. Qh5 Qb6 24. Rf4 Qd4 25. Re2 Qa1 26. d4 Qd1 27. Nf2 g6 28. Qf3 Qf1 29. Qe3 c5 30. d5 exd5 31. Ng4 d4 32. Qd3 Qc1 33. e6 h5 34. Nh6+ Kg7 35. Nxf7 g5 36. Qf5 1-0